000 00977nam a2200265 a 4500
001 000024100
005 20200930022722.0
008 110118s1964 ag a r 001 0 spa d
040 _aDO-SdBNP
_bspa
_cBNPHU
041 1 7 _aspa
_heng
_2Código de idiomas MARC
082 _annnn
_bB366c
100 1 _aBeal, George M.,
_949506
240 1 0 _aLeadership and dynamic group action.
_lEspañol
245 1 0 _aConducción y acción dinámica del grupo /
_cGeorge M. Beal ... [et.al] ; trducción de Guillermo Maxwell.
260 _aBuenos Aires :
_bKapelusz,
_c1964.
300 _a332 p. :
_bil. ;
_c21 cm.
490 1 _aBiblioteca de psicología contemporánea
534 _pTítulo original en inglés.
_tLeadership and dynamic group action.
500 _aIncluye índice
700 1 _aBohlem, Joe M.,
_949507
700 1 _aRaudabaugh, J. Neil,
_949508
700 1 _aMaxwell, Guillermo,
_etr.
_949509
830 0 _aBiblioteca de psicología contemporánea
_949510
049 _aBNGR
999 _c23595
_d23595